| 000 | 00418nab a2200145Ia 4500 | ||
|---|---|---|---|
| 003 | ES-SlBCS | ||
| 005 | 20210601125455.0 | ||
| 008 | 140529s1987-88 xxu||||| |||| 00| 0 eng d | ||
| 041 | _aeng | ||
| 100 | 1 |
_aBurger, Ronna _9159066 |
|
| 245 | 0 | 0 |
_aIs Each Thing the Same as Its Essence? _c Ronna Burger |
| 650 | 0 | 4 |
_aEsencia _9132808 |
| 773 | 0 |
_tReview of Methaphysics _gvol. 41, 1987-88, págs. 53-76 _wRev843 |
|
| 942 | _cAR | ||
| 999 |
_c530907 _d530907 |
||